|
|
|
|
| LEADER |
00000cas a2200000 a 4500 |
| 001 |
vtls010302233 |
| 003 |
SK-MaSNL |
| 005 |
20260228163406.0 |
| 008 |
110810d19521955xo mr|p 0 b0slo |
| 040 |
|
|
|a SNK
|b slo
|c SNK
|e AACR2
|
| 041 |
0 |
|
|a slo
|
| 044 |
|
|
|a xo
|c SK
|
| 072 |
|
7 |
|a 674
|x Drevo. Drevársky priemysel
|2 konspekt
|
| 080 |
|
|
|a 674
|2 2001
|
| 080 |
|
|
|a 050
|2 2001
|
| 245 |
0 |
0 |
|a Smrečina
|b závodný časopis zamestnancov národného podniku Smrečina
|
| 260 |
|
|
|a Banská Bystrica
|b ZS ROH Smrečina
|c 1952-1955
|
| 260 |
3 |
|
|3 10/1953-1955
|a Banská Bystrica
|b ZO KSS, ZS ROH, ZS ČSM a vedenie podniku Smrečina
|
| 300 |
|
|
|a 4 zv.
|c 31 cm
|
| 310 |
|
|
|a 1x mesačne
|
| 362 |
0 |
|
|a Roč. I, č. 1 (1952)-roč. IV, č. 3 (1955)
|
| 500 |
|
|
|a Vyd. ZS ROH Smrečina, n. p. Banská Bystrica, od č. 10/1953 ZO KSS, ZS ROH, ZS ČSM a vedenie podniku
|
| 500 |
|
|
|a Tlač. Stredoslov. tlačiarne, n. p., Banská Bystrica, od č. 1/1953 Pohronské tlačiarne, n. p., Banská Bystrica
|
| 500 |
|
|
|a Zodp. red.: 1/1952-8/1953, neuvádza sa ; 9-10/1953-3/1955, Jozef Sýkora
|
| 650 |
0 |
7 |
|a drevársky priemysel
|2 SNKPH
|9 1117
|
| 655 |
|
7 |
|a podnikové periodiká
|2 SNKPH
|9 132333
|
| 700 |
1 |
|
|a Sýkora, Jozef
|4 lso
|9 273870
|
| 910 |
|
|
|a snk
|
| 916 |
|
|
|a 1952-1955
|
| 999 |
|
|
|c 9356
|d 11286
|
| 952 |
|
|
|0 0
|1 0
|4 0
|7 0
|a SNK
|b SNK
|d 2015-06-24
|f 1
|i snk433/53
|l 0
|o snkČSB 668/1/1952
|p 17A0722343
|r 2026-02-21 19:34:46
|t č. 1-12
|w 2026-02-21
|y PREZ
|
| 952 |
|
|
|0 0
|1 0
|4 0
|7 0
|a SNK
|b SNK
|d 2015-06-24
|f 1
|i snk866/54
|l 0
|o snkČSB 668/2/1953
|p 17A0722342
|r 2026-02-21 19:34:47
|t č. 1-12
|w 2026-02-21
|y PREZ
|
| 952 |
|
|
|0 0
|1 0
|4 0
|7 0
|a SNK
|b SNK
|d 2015-06-24
|f 1
|i snkII. 162/55
|l 0
|o snkČSB 668/3/1954
|p 17A0722341
|r 2026-02-21 19:34:47
|t č. 1-12
|w 2026-02-21
|y PREZ
|
| 952 |
|
|
|0 0
|1 0
|4 0
|7 0
|a SNK
|b SNK
|d 2015-06-24
|f 1
|i snkČSP 853/57
|l 0
|o snkČSB 668/4/1955
|p 17A0722340
|r 2026-02-21 19:34:53
|t č. 1-3
|w 2026-02-21
|y PREZ
|